[Event "Vilnius Kraujunui 80"]
[Site "Vilnius"]
[Date "2020.08.09"]
[Round "6"]
[White "Feofanov, Boris"]
[Black "Steponavicius, Petras"]
[Result "1-0"]
[WhiteElo "1685"]
[BlackElo "1772"]
[PlyCount "63"]
[EventDate "2020.08.05"]
[EventType "tourn"]
[EventRounds "9"]
[EventCountry "LTU"]
[SourceTitle "EXT 2021"]
[Source "ChessBase"]
[SourceDate "2020.10.23"]
[SourceVersion "1"]
[SourceVersionDate "2020.10.23"]
[SourceQuality "1"]

1. d4 d5 2. c4 c6 3. Nf3 Nf6 4. Nc3 a6 5. g3 b5 6. cxd5 cxd5 7. Bg2 e6 8. 0-0 Bd6 9. Nd2 b4 10. Na4 Bb7 11. Nc4 dxc4 12. Bxb7 Ra7 13. Bg2 0-0 14. e4 Be7 15. Be3 Rd7 16. Rc1 Qc7 17. Qe2 Qa5 18. Nc5 Bxc5 19. dxc5 Qxa2 20. Rxc4 Nc6 21. Rfc1 h6 22. h3 Rfd8 23. g4 Ne5 24. R4c2 Nd3 25. Rf1 e5 26. c6 Rd6 27. c7 Rc8 28. Rd1 Nf4 29. Bxf4 Rxd1+ 30. Qxd1 exf4 31. Qd8+ Kh7 32. Qxc8 1-0

[Event "Vilnius Zavanelli Memorial op-B"]
[Site "Vilnius"]
[Date "2018.10.28"]
[Round "6"]
[White "Steponavicius, Petras"]
[Black "Sarauskas, Andrius"]
[Result "1-0"]
[WhiteElo "1903"]
[BlackElo "1764"]
[PlyCount "105"]
[EventDate "2018.10.25"]
[EventType "swiss"]
[EventRounds "7"]
[EventCountry "LTU"]
[SourceTitle "EXT 2021"]
[Source "ChessBase"]
[SourceDate "2020.10.23"]
[SourceVersion "1"]
[SourceVersionDate "2020.10.23"]
[SourceQuality "1"]

1. d4 Nf6 2. Bf4 g6 3. Nd2 Bg7 4. e4 d6 5. c3 0-0 6. Ngf3 Nbd7 7. Be2 Qe8 8. Bg3 e5 9. d5 Nh5 10. Qc2 Nf4 11. Bxf4 exf4 12. 0-0-0 a5 13. h4 a4 14. a3 Nc5 15. h5 Bg4 16. hxg6 hxg6 17. Rh4 Bh5 18. g4 fxg3 19. fxg3 Bxf3 20. Nxf3 Qe7 21. Rdh1 Nb3+ 22. Kb1 c5 23. dxc6 bxc6 24. Bc4 Qf6 25. Qh2 Rfb8 26. Rf4 Qxf4 27. gxf4 Na5 28. Qh7+ Kf8 29. Ba2 Ra7 30. Qh8+ Bxh8 31. Rxh8+ Kg7 32. Rxb8 Nb7 33. Rc8 Nc5 34. Rxc6 Nxe4 35. Bd5 Re7 36. Nd4 f5 37. Kc2 Kh6 38. b4 axb3+ 39. Kxb3 Kh5 40. Ne6 Nf6 41. Bc4 Ne4 42. Nd4 Kg4 43. a4 Kxf4 44. a5 Ke3 45. a6 Nd2+ 46. Kb4 Nxc4 47. Kxc4 f4 48. Rxd6 Rc7+ 49. Kb5 Rxc3 50. a7 Rc8 51. Kb6 f3 52. Nxf3 Kxf3 53. Rxg6 1-0

[Event "Vilnius School Rating"]
[Site "Vilnius"]
[Date "2017.06.04"]
[Round "5.1"]
[White "Salna, Aleksandras"]
[Black "Steponavicius, Petras"]
[Result "0-1"]
[WhiteElo "2060"]
[BlackElo "1833"]
[PlyCount "50"]
[EventDate "2017.06.02"]
[EventType "swiss"]
[EventRounds "5"]
[EventCountry "LTU"]
[SourceTitle "EXT 2024"]
[Source "ChessBase"]
[SourceDate "2023.10.10"]
[SourceVersion "1"]
[SourceVersionDate "2023.10.10"]
[SourceQuality "1"]

1. d4 d5 2. Nf3 Nf6 3. c4 c6 4. Nc3 g6 5. Bf4 Nh5 6. Be5 f6 7. Bg3 a6 8. e3 b5 9. cxd5 cxd5 10. Qb3 Be6 11. a4 Nxg3 12. hxg3 b4 13. Qxb4 Nd7 14. Bd3 Kf7 15. Ne2 Kg7 16. Qd2 Bf7 17. g4 e5 18. e4 exd4 19. exd5 Bxd5 20. Nfxd4 Ne5 21. Nf4 Qd6 22. Be2 Rd8 23. Nde6+ Bxe6 24. Nxe6+ Qxe6 25. Qxd8 Bb4+ 0-1

[Event "Vilnius School Rating"]
[Site "Vilnius"]
[Date "2017.06.04"]
[Round "4.1"]
[White "Steponavicius, Petras"]
[Black "Ruksenas, Romas"]
[Result "1-0"]
[WhiteElo "1833"]
[BlackElo "1951"]
[PlyCount "117"]
[EventDate "2017.06.02"]
[EventType "swiss"]
[EventRounds "5"]
[EventCountry "LTU"]
[SourceTitle "EXT 2024"]
[Source "ChessBase"]
[SourceDate "2023.10.10"]
[SourceVersion "1"]
[SourceVersionDate "2023.10.10"]
[SourceQuality "1"]

1. d4 c5 2. Nf3 cxd4 3. Nxd4 a6 4. g3 e6 5. Bg2 Nf6 6. 0-0 Qc7 7. Nc3 h5 8. Bg5 Nc6 9. Bxf6 gxf6 10. h4 Ne5 11. e3 f5 12. Nce2 Rb8 13. Nf3 Ng4 14. Nf4 b5 15. Qd2 Bb7 16. c3 Be7 17. Rad1 Rd8 18. Rfe1 a5 19. Nd4 Bxg2 20. Nxg2 Qb7 21. Qe2 Rb8 22. e4 fxe4 23. Qxe4 Qxe4 24. Rxe4 Rb6 25. Nf4 d5 26. Re2 Nf6 27. Rde1 Kd7 28. Nd3 Ne4 29. Ne5+ Ke8 30. Nec6 b4 31. c4 Bc5 32. cxd5 exd5 33. Rc1 Bxd4 34. Nxd4 Kd7 35. Rec2 Kd6 36. Rc6+ Rxc6 37. Rxc6+ Ke5 38. Nf3+ Kf5 39. Kg2 f6 40. Ra6 Rc8 41. Rxa5 Ke6 42. Nd4+ Ke5 43. Nf3+ Kd6 44. Ne1 Rc1 45. Nd3 Rc2 46. Kf3 b3 47. axb3 Nd2+ 48. Kf4 d4 49. Ra6+ Ke7 50. Ra4 Nxb3 51. Rb4 Nc1 52. Nxc1 Rxc1 53. Rxd4 Rc2 54. b4 Rxf2+ 55. Ke3 Rf5 56. Ke4 Rb5 57. Kd3 Ke6 58. Kc4 Rb8 59. b5 1-0